000
00217 a2200109 4500
020
_a
9789992479285
041
_a
spa
100
_a
Incer, Jaime
245
_a
Estudios Sociales 3er grado
942
_c
BK
952
_7
1
999
_c
18201
_d
18201